Vista normal Vista MARC

Entrada Materia (personas)

Número de registros utilizados en: 1

001 - CONTROL NUMBER

  • control field: 62944

003 - CONTROL NUMBER IDENTIFIER

  • control field: Co-BoUCM

005 - DATE AND TIME OF LATEST TRANSACTION

  • control field: 20140714152829.0

008 - FIXED-LENGTH DATA ELEMENTS

  • fixed length control field: 140714|| aca||aabn | a|a d

040 ## - CATALOGING SOURCE

  • Original cataloging agency: Co-BoUCM
  • Transcribing agency: Co-BoUCM

100 ## - HEADING--PERSONAL NAME

  • Personal name: Holstein, Günther
  • Dates associated with a name: 1892-1931

670 ## - SOURCE DATA FOUND

  • Source citation: Work cat.: (Co-BoUCM)6622: Holstein, Günther 1892-1931, Historia de la filosofía política, 1969